Welcome to the Holygrace Academy Library

Please use search bar below to get started

VISAPPU (Record no. 4824)

MARC details
000 -LEADER
fixed length control field 00442nam a22001457a 4500
020 ## - INTERNATIONAL STANDARD BOOK NUMBER
ISBN 81-713-0221-1
082 ## - DEWEY DECIMAL CLASSIFICATION NUMBER
Classification number 894.812.3
Item number BHA/V
100 ## - MAIN ENTRY--AUTHOR NAME
Personal name BASHEET
245 ## - TITLE STATEMENT
Title VISAPPU
260 ## - PUBLICATION, DISTRIBUTION, ETC. (IMPRINT)
Place of publication KOTTAYAM
Name of publisher DC BOOKS
Year of publication 2009
300 ## - PHYSICAL DESCRIPTION
Number of Pages 78
520 ## - SUMMARY, ETC.
Summary, etc Its protagonist is Kunjupathumma, a naive, innocent and illiterate village belle. She falls in love with an educated, progressive, city-bred man, Nisaar Ahamed.
650 ## - SUBJECT ADDED ENTRY--TOPICAL TERM
Topical Term NOVEL
942 ## - ADDED ENTRY ELEMENTS (KOHA)
Koha item type Books
Holdings
Withdrawn status Lost status Collection code Home library Current library Shelving location Date acquired Source of acquisition Cost, normal purchase price Full call number Accession Number Koha item type
    Fiction Main Library Main Library SHELF-16- I- MALAYALAM NOVELS,FICTIONS 05/10/2012 Purchase 30.00 894.812.3 BHA/V 05287 Books